Chladenie pri brúsení synchrónnych krúžkov
Enregistré dans:
| Auteur principal: | |
|---|---|
| Autres auteurs: | |
| Format: | Manuscrit Livre |
| Langue: | slovaque |
| Publié: |
2020
|
| Sujets: | |
| Accès en ligne: | http://is.stuba.sk/zp/portal_zp.pl?podrobnosti=141696 |
| Tags: |
Pas de tags, Soyez le premier à ajouter un tag!
|
MARC
| LEADER | 00000ntm a22000003a 4500 | ||
|---|---|---|---|
| 001 | stuzp78123 | ||
| 003 | SK-STU | ||
| 005 | 20200718210600.8 | ||
| 007 | ta | ||
| 008 | 150427s2015----xo-----f-mn---000-0-slo-d | ||
| 040 | |a STU |b slo | ||
| 041 | 0 | |a slo | |
| 100 | 1 | |a Vizváry, Zdenko |u 063000 |4 aut |U MTF Materiálovotechnologická fakulta |T MTF Ústav výrobných technológií |X 91726 |U M3000 |Y 83 |7 91726 | |
| 242 | 0 | 1 | |a Cooling during synchronous rings grinding |y eng |
| 245 | 1 | 0 | |a Chladenie pri brúsení synchrónnych krúžkov |
| 260 | |c 2020 | ||
| 650 | 4 | |a Modernizácia |2 slo | |
| 650 | 4 | |a Brúsenie synchrónneho krúžku |2 slo | |
| 650 | 4 | |a Neproduktívne časy |2 slo | |
| 650 | 4 | |a Prívod procesného média |2 slo | |
| 650 | 4 | |a Dýza |2 slo | |
| 650 | 4 | |a cooling medium feed |2 eng | |
| 650 | 4 | |a modernization |2 eng | |
| 650 | 4 | |a synchronizing rings grinding |2 eng | |
| 650 | 4 | |a cooling nozzle |2 eng | |
| 650 | 4 | |a unproductive times |2 eng | |
| 700 | 1 | |a Görög, Augustín |u 063200 |k Z1 |4 ths |U MTF Ústav výrobných technológií |T MTF Katedra obrábania a počítačovej podpory technológií |X 4179 |U M3200 |Y 164 |7 A000004179 | |
| 856 | 4 | |u http://is.stuba.sk/zp/portal_zp.pl?podrobnosti=141696 | |
| 996 | |c M* BP-9010 |l MMSKP |s P |a 0 |w stuzp78123_0001 | ||